000 01023nam a22002297a 4500
003 DO-SdBNP
005 20210923102849.0
008 210809b 2017 dr 00| 0 eng d
020 _a9789945088496
040 _aDO-SdBNP
_bspa
_cBNPHU
100 1 _aMonción, Segundo E.
_979433
245 1 0 _aLa litis, los incidentes y la demanda en referimiento en la jurisdicción inmobiliaria :
_bformularios y jurisprudencias /
_cSegundo E. Monción ; prólogo del Dr. Jorge A. Subero Isa, presidente de la Suprema Corte de Justicia de la República Dominicaca.
250 _a4ta edición corregida, actualizada y ampliada
260 _aSanto Domingo :
_bCentenario,
_c2017.
300 _a738 p. ;
_c24 cm.
490 _aDerecho procesal inmobiliario.
500 _aCuarta edición, 2017 corregida y ampliada a cinco capítulos adicionales Santiago, República Dominicana.
504 _aBibliografía : p. 731-738
590 _aInventariado, 2021 /LP
830 0 _aDerecho procesal inmobiliario.
_979434
942 _2ddc
_cLBS1
999 _c50198
_d50198